Podnikání a počítač

Na minha lista:
Detalhes bibliográficos
Autor principal: Výrut, Karel
Outros Autores: Václavíková, Dana
Formato: Livro
Idioma:tcheco
Publicado em: Praha Grada 1992
Edição:1. vyd.
Colecção:Nestůjte za dveřmi
Assuntos:
Tags: Adicionar Tag
Sem tags, seja o primeiro a adicionar uma tag!

MARC

LEADER 00000nam a2200000 4500
001 c003625
005 20221206083445.3
020 |a 80-85424-79-7 
041 0 |a cze 
044 |a CZ 
245 1 0 |a Podnikání a počítač  |c Karel Výrut, Dana Václavíková 
250 |a 1. vyd. 
264 1 |a Praha  |b Grada  |c 1992 
300 |a 307 s. 
490 1 |a Nestůjte za dveřmi 
830 0 |a Nestůjte za dveřmi 
610 2 0 |a podnikanie 
610 2 0 |a využitie počítačov 
610 2 0 |a dáta 
610 2 0 |a spracovanie dát 
610 2 0 |a systémy informačné 
610 2 0 |a zber dát 
610 2 0 |a počítače 
610 2 0 |a prenos dát 
610 2 0 |a počítače osobné 
610 2 0 |a minipočítače 
610 2 0 |a systémy operačné 
610 2 0 |a softvér 
610 2 0 |a báza dát 
610 2 0 |a programovanie 
610 2 0 |a zabezpečenie programové 
100 1 |a Výrut, Karel 
700 1 |a Václavíková, Dana